harry Potter Quotes - Statistics

General Stats
  • This quiz has been taken 833 times
  • The average score is 9 of 10
Answer Stats
Hint Answer % Correct
i never wanted any of you to die for me harry
99%
im going to bed before another one of you get a clever idea to get us killed or worse expelled hermione
98%
why couldnt is be follow the butterflies ron
97%
Turn to page 394 Snape
97%
not my daughter you b**** molly
95%
i suspect the nargles are behind it luna
91%
what exactly is the function of a rubber duck arthur
86%
ive always wanted to use that spell Minerva McGonagall
82%
im holy george
69%
hogwarts is my home Trelawney
44%
No matching quizzes found
Score Distribution
Percent of People with Each Score
Percentile by Number Answered
Your Score History
You have not taken this quiz